1278 1036 1245 1149 1773 1788 1114 1428 1907 1468 1809 1248 1908 1863 1108 1615 1480 1790 1469 1512 1453 1078 1105 1944 1044 1582 1523 1131 1756 1802 1933 1250 1067 1138 1979 1779 1951 2000 1364 1068 1354 1261 1481 1308 1386 1100 1526 1732 1391 1131 1520 1801 1767 1526 1743 1539 1244 1975 1192 1962 1392 1898 1414 1513 1498 1173 1553 1487 1775 1451 1607 1615 1790 1576 1873 1561 1601 1184 1087 1819 1340 1603 1968 1213 1103 1260 1655 1562 1465 1426 1677 1603 1444 1292 1484 1116 1104 1717 1810 BCNSPRNW ULIB Ver.6.0+V

เปลี่ยนเป็นภาษาไทย

Change to English
 แสดงรายละเอียดบรรณานุกรม
  กลับหน้าหลัก

Brief Record : Get Marc (ISO 2709) : E-mail record : QR code < ปิดหน้าต่าง
LEADER : 00000nam 2200000uu 4500
001    13399114236
003     ULIB
008    120308s||||||||th 000 0 tha d
020    ^a9742914974
060 04 ^aWY160^bค128ก
100 0  ^aเพียรดี เปี่ยมมงคล, บรรณาธิการ
245 00 ^aการพยาบาลจิตเวชและสุขภาพจิต /^cฉวีวรรณ สัตยธรรม^eบรรณาธิการ
250    ^aพิมพ์ครั้งที่ 3
260    ^aโครงการสวัสดิการวิชาการ สถาบันพระบรมราชชนก :^b,^c2541
300    ^a407 หน้า ;^c27 ซม.
504    ^aบรรณานุกรม
650  2 ^aPsychiatric Nursing
650  2 ^aMental Health
650  7 ^aการพยาบาลจิตเวชศาสตร์
650  7 ^aจิตเวชศาสตร์^xการพยาบาล
650  7 ^aสุขภาพจิต^xการพยาบาล
945    ^p200^l0^i015785
995    ^a เกษร
999    ^aใช้งานได้ทุกระบบ
รายการนี้ยังไม่มีแท็ก
คุณยังไม่ได้ล็อกอิน คุณสามารถมีกิจกรรมร่วมกับเว็บไซต์ได้ แต่ต้องล็อกอินก่อน ::
  ล็อกอิน

รายการสื่อสารสนเทศ

ลำดับที่ ประเภท เลขเรียก/บาร์โค้ด สถานที่ สถานะ
- ไม่พบข้อมูล -

รายการใกล้เคียง
    หัวเรื่อง [Psychiatric Nursing]
    หัวเรื่อง [Mental Health]
    หัวเรื่อง [การพยาบาลจิตเวชศาสตร์]

BibComment


ยังไม่เคยถูกคอมเมนท์

คอมเมนท์ทรัพยากรรายการนี้
  คอมเมนท์: การพยาบาลจิตเวชแ..


 Copyright 2026. Bcnsprnw @Library